000 00724nam a22002177a 4500
999 _c11224
_d11224
003 AR-CdUCM
008 190403b ||||| |||| 00| 0 spa d
040 _aMUNICIPALIDAD PROVINCIAL DEL CUSCO
_cBIBLIOTECA MUNICIPAL DEL CUSCO
082 _aES / 373.1 /
_bC34
100 _aCastillo Córdoba, José Luis
_928479
245 _aKirigami :
_bLa magia del papel /
260 _aHuancayo :
_bJosé Luis Vargas Dávila,
_c1995.
300 _a34 paginas ;
_bIlustraciones, graficos, dibujos,
_c20 cm.
500 _aKirigami Texto para aprender y disfrutar
650 _aKirigami
_928480
650 _aPapel
_928481
650 _aMagia
_920651
650 _aManualidades en papel
_928482
942 _2ddc
_cLIBROS
945 _apjha